LEADER 00997nam0 2200265 450 001 000025576 005 20090506110106.0 010 $a88-365-2089-8 100 $a20090506d2000----km-y0itay50------ba 101 0 $aita 102 $aIT 105 $ay-------001yy 200 1 $aDestination management$efondamenti di marketing e gestione delle destinazioni turistiche$fa cura di Harald Pechlaner e Klaus Weiermair 210 $aMilano$cTouring club italiano$dc2000 215 $aX, 226 p.$d24 cm 500 10$aDestination management: fondamenti di marketing e gestione delle destinazioni turistiche$959048 610 1 $aAziende turistiche$aMarketing 676 $a338.47910688$v21 702 1$aPechlaner,$bHarald 702 1$aWeirmair,$bKlaus 801 0$aIT$bUNIPARTHENOPE$c20090506$gRICA$2UNIMARC 912 $a000025576 951 $a338-D/11$b41412$cNAVA1$d2009 996 $aDestination management: fondamenti di marketing e gestione delle destinazioni turistiche$959048 997 $aUNIPARTHENOPE